|
|
|
|
| LEADER |
00000nam0a2200000 4500 |
| 001 |
222323 |
| 005 |
20231101230445.0 |
| 010 |
|
|
|a 5110019789
|
| 035 |
|
|
|a (RuTPU)RU\TPU\book\242511
|
| 090 |
|
|
|a 222323
|
| 100 |
|
|
|a 20120921d1990 m y0rusy50 ca
|
| 101 |
0 |
|
|a rus
|
| 102 |
|
|
|a UA
|
| 105 |
|
|
|a a j 001zy
|
| 200 |
1 |
|
|a Адаптивное управление технологическими процессами на базе микроЭВМ
|e учебное пособие для вузов
|f В. Д. Романенко, Б. В. Игнатенко
|
| 210 |
|
|
|a Киев
|c Выща школа
|d 1990
|
| 215 |
|
|
|a 334 с.
|c ил.
|
| 320 |
|
|
|a Библиогр.: с. 330-332.
|
| 320 |
|
|
|a Предметный указатель: с. 333-334.
|
| 606 |
|
|
|a Автоматизация технологических процессов
|2 stltpush
|3 (RuTPU)RU\TPU\subj\611
|9 29486
|
| 610 |
1 |
|
|a технологические процессы
|
| 610 |
1 |
|
|a адаптивное управление
|
| 610 |
1 |
|
|a микроЭВМ
|
| 610 |
1 |
|
|a учебные пособия
|
| 610 |
1 |
|
|a микропроцессоры
|
| 610 |
1 |
|
|a математические модели
|
| 610 |
1 |
|
|a информационное обеспечение
|
| 610 |
1 |
|
|a проектирование
|
| 675 |
|
|
|a 65.011.56(075.8)
|v 3
|
| 700 |
|
1 |
|a Романенко
|b В. Д.
|g Виктор Дмидович
|
| 701 |
|
1 |
|a Игнатенко
|b Б. В.
|g Борис Васильевич
|
| 801 |
|
1 |
|a RU
|b 63413507
|c 20120921
|
| 801 |
|
2 |
|a RU
|b 63413507
|c 20180329
|g RCR
|
| 942 |
|
|
|c BK
|